000 00314nam a22001217a 4500
008 160427b xxu||||| |||| 00| 0 eng d
020 _a9780721635200
020 _a0721635202
041 _aeng
080 _a618.2
245 _aMental health nursing:
_cVerna Benner carson; Elizabeth Nolan Arnold;
942 _2udc
_cBK
999 _c1621
_d1621